| 000 | 01580aam a2200325 i 4500 | ||
|---|---|---|---|
| 999 |
_c46324 _d46324 |
||
| 001 | 768714001 | ||
| 003 | CO-MdFUSB | ||
| 005 | 20201105134603.0 | ||
| 007 | ta | ||
| 008 | 200523t1938 enka|||| |||| 00| 0 eng d | ||
| 020 | _a[No incluye ISBN] | ||
| 040 |
_bspa. _aCO-MdFUSB _cCO-MdFUSB _dCO-MdFUSBC _erda |
||
| 041 | _aeng | ||
| 082 |
_223 _a261 _bH885 |
||
| 100 | 1 |
_aHudson, Cyril E. _eautor |
|
| 245 | 1 | 4 |
_aThe church and the world : _bbeing materials for the historical study of Christian sociology _c/ Cyril E. Hudson , Maurice B. Reckitt |
| 264 | 1 |
_aLondres : _bGeorge Allen and Unwin, _c[1938] |
|
| 264 | 4 | _c© 1938 | |
| 300 |
_a3 volúmenes _c; 19 cm |
||
| 336 |
_atexto _btxt _2rdacontent |
||
| 337 |
_2rdamedia _asin mediación _bn |
||
| 338 |
_2rdacarrier _avolumen _bnc |
||
| 505 | _aVolumen 1: El mundo antiguo - La cristiandad \ Volumen 2: The foundations of the modern world - Transición - El movimiento conciliar - La autoridad en la Iglesia y el Estado - La filosofía política de la laicidad - De Erasmus a Grocio - La desintegración de la síntesis económica medieval \ Volumen 3: Church and society in England from 1800: Sociedad y religión en el siglo XIX - Reforma y religión - Reforma en la iglesia - Crisis social y profecía cristiana - El socialismo cristiano - La cuenca victoriana - El final del siglo - El siglo XX - La situación actual y sus problemas. | ||
| 563 | _aPasta dura | ||
| 650 | 7 |
_9405 _aSociología cristiana |
|
| 700 |
_93911 _aReckitt, Maurice B. _eautor |
||
| 942 | _cBK | ||
| 945 | _aJTF-925 | ||